000 00868cab a2200241 4500
001 ABS58255
008 090401t1997 xxu||||| |||| 00| 0 eng d
035 _a(Sirsi) u84442
041 _aeng
245 _aAccessible housing: environmental controls
260 _c1997
350 _a0
490 _aAccess by Design
_vSeptember-December 1997, 7-8(2)
520 _aLooks at environmental control systems for homes for disabled people. Offers advice on how to assess theuser and the house to ensure their home is fully accessible.
650 _aMANAGEMENT-BUSINESS MANAGEMENT-DISCRIMINATION-DISABILITY DISCRIMINATION-ACCESSIBILITY
650 _aACCESSIBLE HOUSING
650 _aDISABLED PEOPLE
650 _aENVIRONMENTAL CONTROL SYSTEMS
650 _aHOUSE ADAPTATION
690 _aBUILDING AND CONSTRUCTION-CONTROL
942 _n0
948 _c24/02/1998
999 _c53064
_d53064